[Event "32. Abierto Ciudad de Sevilla"]
[Site "Sevilla ESP"]
[Date "2007.01.11"]
[Round "5.12"]
[White "Martin Vazquez, Jose Miguel"]
[Black "Krivoshey, Sergei"]
[Result "0-1"]
[WhiteElo "2167"]
[BlackElo "2496"]
[PlyCount "116"]
[EventDate "2007.01.07"]
[EventType "swiss"]
[EventRounds "9"]
[EventCountry "ESP"]
[Source "lmi"]
[SourceDate "2007.01.07"]

1. d4 Nf6 2. Nf3 c5 3. c3 e6 4. e3 b6 5. Nbd2 Bb7 6. Bd3 Nc6 7. Qe2 Be7 8. O-O
O-O 9. e4 cxd4 10. Nxd4 Ne5 11. Ba6 Bxa6 12. Qxa6 d5 13. f4 Ned7 14. Qe2 dxe4
15. Nxe4 Nxe4 16. Qxe4 Nf6 17. Qf3 Bc5 18. Be3 Nd5 19. Bf2 Qd6 20. g3 Rad8 21.
Rad1 Qc7 22. Rd2 Ne7 23. Rfd1 Rd5 24. c4 Rdd8 25. b3 a6 26. Kg2 h6 27. Rd3 Rd6
28. Qe4 Rfd8 29. Nf3 Rxd3 30. Rxd3 Rxd3 31. Qxd3 f6 32. Bxc5 bxc5 33. Kf2 Qc6
34. Nd2 Qh1 35. Nf1 Nc6 36. Qf3 Qxf3+ 37. Kxf3 Nb4 38. a4 Kf7 39. Nd2 f5 40.
Ke3 Nc6 41. Kd3 Kf6 42. Nf1 g5 43. fxg5+ hxg5 44. Ne3 a5 45. h3 Nd4 46. b4 axb4
47. a5 Nc6 48. a6 Ke7 49. Kc2 Kd6 50. Kb3 Kc7 51. h4 f4 52. Ng2 Nd4+ 53. Kb2
gxh4 54. gxh4 e5 55. h5 Nf5 56. Kc1 f3 57. Ne3 Nxe3 58. h6 f2 0-1

[Event "32. Abierto Ciudad de Sevilla"]
[Site "Sevilla ESP"]
[Date "2007.01.11"]
[Round "5.13"]
[White "Lopez Rodriguez, Fernando"]
[Black "Tissir, Mohamed"]
[Result "0-1"]
[WhiteElo "2152"]
[BlackElo "2482"]
[PlyCount "44"]
[EventDate "2007.01.07"]
[EventType "swiss"]
[EventRounds "9"]
[EventCountry "ESP"]
[Source "lmi"]
[SourceDate "2007.01.07"]

1. d4 e6 2. c4 c5 3. Nf3 Nf6 4. g3 cxd4 5. Nxd4 Nc6 6. Nc2 h5 7. h4 Qb6 8. Bg2
Ng4 9. O-O Bc5 10. e3 Qc7 11. Nc3 a6 12. Ne4 Be7 13. c5 O-O 14. b4 b6 15. Nd6
bxc5 16. bxc5 Rb8 17. Ba3 a5 18. Rb1 Ba6 19. Re1 Nce5 20. f3 Nf6 21. Qd4 Nd3
22. e4 e5 0-1

[Event "32. Abierto Ciudad de Sevilla"]
[Site "Sevilla ESP"]
[Date "2007.01.11"]
[Round "5.14"]
[White "Van der Weide, Karel"]
[Black "Carrabeo Garcia, Manuel"]
[Result "1-0"]
[WhiteElo "2476"]
[BlackElo "2158"]
[PlyCount "119"]
[EventDate "2007.01.07"]
[EventType "swiss"]
[EventRounds "9"]
[EventCountry "ESP"]
[Source "lmi"]
[SourceDate "2007.01.07"]

1. e4 e6 2. d4 a6 3. Nf3 b5 4. Bd3 Bb7 5. O-O Nf6 6. Nbd2 c5 7. c3 Be7 8. Re1
Qc7 9. a3 Nc6 10. b4 c4 11. Bc2 h6 12. a4 O-O 13. Nf1 d6 14. Ng3 Rfe8 15. Qe2
Bf8 16. e5 dxe5 17. dxe5 Nd5 18. Bd2 Rad8 19. axb5 axb5 20. Nh5 g6 21. Ng3 Bg7
22. h4 Nde7 23. Rad1 Nf5 24. Bf4 Nce7 25. Ne4 Bxe4 26. Bxe4 h5 27. Bg5 Qb6 28.
Rxd8 Qxd8 29. Bxf5 exf5 30. Nd4 Qd5 31. Bxe7 Rxe7 32. f4 Ra7 33. Qf3 Qd7 34.
Qc6 Qd8 35. Qxb5 Qxh4 36. Nf3 Qd8 37. Qxc4 Rc7 38. Qd4 Qc8 39. Rd1 Rxc3 40.
Qd8+ Bf8 41. Qxc8 Rxc8 42. Rb1 Rb8 43. b5 Bc5+ 44. Kf1 Kf8 45. Ke2 Ke7 46. Rb3
Bb6 47. Nd2 Rc8 48. g3 Ke6 49. Rd3 Ke7 50. Rd6 Ba5 51. Nb3 Bb4 52. Rd4 Bc3 53.
Ra4 g5 54. Ra7+ Ke6 55. b6 gxf4 56. gxf4 Rb8 57. Nc5+ Kd5 58. Nd7 Rd8 59. b7
Bd4 60. Ra8 1-0

[Event "32. Abierto Ciudad de Sevilla"]
[Site "Sevilla ESP"]
[Date "2007.01.11"]
[Round "5.15"]
[White "Durao, Joaquim"]
[Black "Siebrecht, Sebastian"]
[Result "0-1"]
[WhiteElo "2167"]
[BlackElo "2457"]
[PlyCount "54"]
[EventDate "2007.01.07"]
[EventType "swiss"]
[EventRounds "9"]
[EventCountry "ESP"]
[Source "lmi"]
[SourceDate "2007.01.07"]

1. e4 c5 2. Nf3 e6 3. d4 cxd4 4. Nxd4 a6 5. Nc3 Qc7 6. Bd3 Nf6 7. O-O Be7 8.
Be3 b5 9. f4 d6 10. Qf3 Nbd7 11. Rae1 Bb7 12. Bf2 h6 13. Qh3 h5 14. Kh1 Nc5 15.
e5 dxe5 16. fxe5 Ng4 17. Ncxb5 axb5 18. Bxb5+ Nd7 19. Rd1 Rd8 20. Bh4 Bxh4 21.
Qxh4 O-O 22. Qxh5 Ndxe5 23. Bd3 g6 24. Qg5 Rxd4 25. Bxg6 fxg6 26. Rxf8+ Kxf8
27. Rxd4 Nf2+ 0-1

[Event "32. Abierto Ciudad de Sevilla"]
[Site "Sevilla ESP"]
[Date "2007.01.11"]
[Round "5.16"]
[White "Barrios Muñoz, Rafael Carlos"]
[Black "Pogorelov, Ruslan"]
[Result "0-1"]
[WhiteElo "2098"]
[BlackElo "2441"]
[PlyCount "72"]
[EventDate "2007.01.07"]
[EventType "swiss"]
[EventRounds "9"]
[EventCountry "ESP"]
[Source "lmi"]
[SourceDate "2007.01.07"]

1. e4 c5 2. Nf3 Nc6 3. Bb5 g6 4. O-O Bg7 5. Re1 Nf6 6. h3 O-O 7. c3 Qb6 8. Bf1
e5 9. c4 d6 10. Nc3 Nd4 11. d3 h6 12. Rb1 Be6 13. Nh2 a6 14. b4 cxb4 15. Be3
Qa5 16. Ne2 b5 17. Nxd4 exd4 18. Bd2 Qc7 19. Bxb4 a5 20. Bxd6 Qxd6 21. e5 Qa3
22. exf6 Bxf6 23. Rxb5 Qxa2 24. Re2 Qa3 25. Qb1 a4 26. Nf3 Qd6 27. Nd2 Be7 28.
Ne4 Qd8 29. g3 a3 30. Nc5 Bxc5 31. Rxc5 Qd6 32. Rb5 Rfb8 33. Ra2 Rxb5 34. Qxb5
Rb8 35. Qa4 Rb1 36. Qc2 Qb4 0-1

[Event "32. Abierto Ciudad de Sevilla"]
[Site "Sevilla ESP"]
[Date "2007.01.11"]
[Round "5.17"]
[White "Fomichenko, Eduard"]
[Black "Oliva Del Amo, Antonio Jose"]
[Result "1-0"]
[WhiteElo "2438"]
[BlackElo "2133"]
[PlyCount "136"]
[EventDate "2007.01.07"]
[EventType "swiss"]
[EventRounds "9"]
[EventCountry "ESP"]
[Source "lmi"]
[SourceDate "2007.01.07"]

1. Nf3 g6 2. d4 Bg7 3. c4 d6 4. Nc3 Nf6 5. e4 O-O 6. Be2 e5 7. Be3 Nc6 8. d5
Ne7 9. Nd2 Ne8 10. c5 f5 11. f3 Nf6 12. Qb3 Kh8 13. O-O-O fxe4 14. Ndxe4 Nf5
15. Bg5 Nd4 16. Qa3 Bf5 17. Bd3 Qd7 18. Bxf6 Bxf6 19. cxd6 Bg7 20. Kb1 Bxe4 21.
Nxe4 cxd6 22. Qxd6 Qxd6 23. Nxd6 Rad8 24. Nxb7 Rxd5 25. Be4 Rb5 26. Rc1 Bh6 27.
Rc5 Rxc5 28. Nxc5 Rc8 29. Nd7 Ne2 30. Nxe5 Bg7 31. Nc6 Nd4 32. Nxd4 Bxd4 33.
Rd1 Be5 34. Rd7 Bf4 35. a3 Rc1+ 36. Ka2 Be3 37. Rd3 Bg1 38. h4 Bf2 39. g4 Bxh4
40. Rd7 Bf2 41. b4 Rc3 42. a4 Kg8 43. Bd5+ Kh8 44. Rd8+ Kg7 45. g5 h5 46. gxh6+
Kxh6 47. Rd6 Rd3 48. Rxg6+ Kxg6 49. Be4+ Kf6 50. Bxd3 Ke5 51. Kb3 Kd4 52. Ba6
Bg3 53. a5 Bf4 54. Bb7 Bg3 55. Ka4 Bf4 56. Bc8 Bg3 57. Bd7 Bf4 58. Kb3 Bd6 59.
b5 Kc5 60. Ka4 Bc7 61. b6 axb6 62. a6 Bb8 63. f4 Kd6 64. Bg4 Kc5 65. Be2 Ba7
66. f5 Kd6 67. Kb5 Ke5 68. Bg4 Kf6 1-0

[Event "32. Abierto Ciudad de Sevilla"]
[Site "Sevilla ESP"]
[Date "2007.01.11"]
[Round "5.18"]
[White "Torres Ventosa, Pedro Eugenio"]
[Black "Teran Alvarez, Ismael"]
[Result "0-1"]
[WhiteElo "2122"]
[BlackElo "2417"]
[PlyCount "138"]
[EventDate "2007.01.07"]
[EventType "swiss"]
[EventRounds "9"]
[EventCountry "ESP"]
[Source "lmi"]
[SourceDate "2007.01.07"]

1. e4 c5 2. Nf3 d6 3. c3 Nf6 4. h3 Nbd7 5. Bd3 b6 6. Bc2 Bb7 7. Qe2 Rc8 8. d3
g6 9. O-O Bg7 10. Bg5 O-O 11. Nbd2 h6 12. Bh4 Nh5 13. Nc4 Ne5 14. Nfd2 Nf4 15.
Qe3 g5 16. Bg3 Neg6 17. Bxf4 gxf4 18. Qe2 b5 19. Na3 b4 20. Nac4 bxc3 21. bxc3
Bxc3 22. Rab1 Ba8 23. Qh5 Bg7 24. Nf3 e6 25. Bb3 d5 26. Nce5 Nxe5 27. Nxe5 Qg5
28. Qxg5 hxg5 29. Nf3 dxe4 30. Nxg5 exd3 31. Bc4 Rfd8 32. Rfd1 d2 33. Nxe6 fxe6
34. Bxe6+ Kf8 35. Bxc8 Rxc8 36. Rxd2 c4 37. Rbd1 Be4 38. f3 Bd3 39. Rxd3 cxd3
40. Rxd3 Rc1+ 41. Kh2 Bf6 42. Rd5 Kg7 43. h4 Bxh4 44. Kh3 Bg3 45. Kg4 Rc7 46.
a4 Kf6 47. Rf5+ Ke6 48. Rg5 Kd6 49. Ra5 Kc6 50. Rg5 Kb6 51. Rb5+ Ka6 52. Rh5
Rc4 53. a5 Ra4 54. Kh3 Rxa5 55. Rg5 Ra1 56. Rg6+ Kb5 57. Rg5+ Kc4 58. Rg8 a5
59. Rc8+ Kb3 60. Rb8+ Ka3 61. Rd8 a4 62. Rd3+ Kb2 63. Rd2+ Kc3 64. Rd8 a3 65.
Rb8 Rh1+ 66. Kg4 a2 67. Rc8+ Kd2 68. Rd8+ Ke2 69. Rd5 Rh4+ 0-1

[Event "32. Abierto Ciudad de Sevilla"]
[Site "Sevilla ESP"]
[Date "2007.01.11"]
[Round "5.19"]
[White "Robles Garcia, Claudia"]
[Black "Garcia Luque, Agustin"]
[Result "1-0"]
[WhiteElo "2089"]
[BlackElo "2373"]
[PlyCount "183"]
[EventDate "2007.01.07"]
[EventType "swiss"]
[EventRounds "9"]
[EventCountry "ESP"]
[Source "lmi"]
[SourceDate "2007.01.07"]

1. e4 c6 2. d4 d5 3. Nc3 dxe4 4. Nxe4 Nd7 5. Ng5 Ndf6 6. Bc4 e6 7. Ne2 Bd6 8.
c3 Ne7 9. Bf4 O-O 10. O-O Bxf4 11. Nxf4 Qa5 12. Nf3 c5 13. Re1 cxd4 14. Qxd4
Rd8 15. Qe5 Nc6 16. Qg5 Qxg5 17. Nxg5 Bd7 18. Rad1 Be8 19. h3 Rxd1 20. Rxd1 Ne5
21. Be2 Bc6 22. Nd3 Nxd3 23. Rxd3 h6 24. Nf3 Nd5 25. g3 Bb5 26. Rd2 Bxe2 27.
Rxe2 Rc8 28. Kf1 Kf8 29. Nd4 a6 30. Ke1 g6 31. Kd2 Ke7 32. Nc2 b5 33. Ne3 Nb6
34. b3 f5 35. f4 Kf6 36. Kc2 g5 37. Rd2 Ke7 38. Re2 Kd6 39. Rd2+ Kc6 40. Re2
Rg8 41. c4 gxf4 42. gxf4 Kd6 43. Kc3 Rg3 44. Kd4 Nd7 45. h4 b4 46. c5+ Nxc5 47.
Nc4+ Kc6 48. Ne5+ Kb5 49. Rc2 Ne4 50. Rc8 a5 51. Rb8+ Ka6 52. Nc4 Rg2 53. Ra8+
Kb7 54. Rxa5 Nc3 55. Kc5 Nxa2 56. Nd6+ Kc7 57. Ra7+ Kd8 58. Nf7+ Ke8 59. Kd6
Nc3 60. Kxe6 Rg6+ 61. Kxf5 Rb6 62. Ne5 Ne2 63. Ra8+ Ke7 64. Ra7+ Ke8 65. Nc4
Rc6 66. Ke5 Nc1 67. Nd6+ Kf8 68. f5 Nd3+ 69. Kd5 Rc5+ 70. Ke6 Nf4+ 71. Kf6 Nd5+
72. Ke6 Nc7+ 73. Kd7 Nd5 74. Ke6 Nc7+ 75. Kd7 Nd5 76. Ne4 Nb6+ 77. Ke6 Rc6+ 78.
Ke5 Rc8 79. f6 Re8+ 80. Kf5 Nd5 81. Nd6 Rd8 82. Rf7+ Kg8 83. Rg7+ Kf8 84. Ke5
Nb6 85. Ke6 Nc8 86. Rd7 Rxd7 87. Kxd7 Nb6+ 88. Ke6 Na8 89. Kd7 Nb6+ 90. Kc6 Na4
91. bxa4 b3 92. Nc4 1-0

[Event "32. Abierto Ciudad de Sevilla"]
[Site "Sevilla ESP"]
[Date "2007.01.11"]
[Round "5.20"]
[White "Vehi Bach, Victor Manuel"]
[Black "Pereira Figueroa, Manuel"]
[Result "1/2-1/2"]
[WhiteElo "2368"]
[BlackElo "2121"]
[PlyCount "57"]
[EventDate "2007.01.07"]
[EventType "swiss"]
[EventRounds "9"]
[EventCountry "ESP"]
[Source "lmi"]
[SourceDate "2007.01.07"]

1. e4 c5 2. Nf3 d6 3. d4 cxd4 4. Nxd4 Nf6 5. Nc3 a6 6. Be3 e5 7. Nde2 Be7 8.
Ng3 O-O 9. Be2 Be6 10. O-O Nbd7 11. a4 b6 12. Nf5 Bxf5 13. exf5 Qc7 14. Qd2
Rfc8 15. g4 Qc6 16. Rfd1 Ne4 17. Nd5 Bf8 18. Qb4 Nec5 19. Bf3 e4 20. Bxe4 Nxe4
21. Qxe4 Qxc2 22. Qxc2 Rxc2 23. Nxb6 Nxb6 24. Bxb6 Rxb2 25. Bc7 Rb4 26. h3 h5
27. f3 Rc8 28. Bxd6 Bxd6 29. Rxd6 1/2-1/2

[Event "32. Abierto Ciudad de Sevilla"]
[Site "Sevilla ESP"]
[Date "2007.01.11"]
[Round "5.21"]
[White "Lanzani, Mario"]
[Black "Urbina Perez, Juan Antonio"]
[Result "1-0"]
[WhiteElo "2338"]
[BlackElo "2114"]
[PlyCount "101"]
[EventDate "2007.01.07"]
[EventType "swiss"]
[EventRounds "9"]
[EventCountry "ESP"]
[Source "lmi"]
[SourceDate "2007.01.07"]

1. d4 d5 2. c4 e6 3. Nc3 Nf6 4. cxd5 exd5 5. Bg5 Be7 6. e3 Nbd7 7. Bd3 O-O 8.
Nge2 Re8 9. O-O c6 10. Qc2 h6 11. Bf4 Nf8 12. h3 a6 13. Rad1 Bd6 14. Bxd6 Qxd6
15. Ng3 Be6 16. Na4 N8d7 17. Rc1 Rac8 18. b4 b5 19. Nc5 Nxc5 20. Qxc5 Qxc5 21.
Rxc5 Nd7 22. Rc3 Nb6 23. Rfc1 Nc4 24. a4 bxa4 25. Bxc4 dxc4 26. Ra3 Rb8 27.
Rxa4 Rb6 28. Ne4 Reb8 29. Nc5 Rxb4 30. Raa1 a5 31. Nxe6 fxe6 32. Rxa5 Rb1 33.
Rxb1 Rxb1+ 34. Kh2 Rb5 35. Ra4 c5 36. Rxc4 cxd4 37. Rxd4 Kf7 38. h4 Kf6 39.
Rf4+ Kg6 40. g4 h5 41. g5 e5 42. Ra4 Kf5 43. Kg3 e4 44. Ra7 Kg6 45. Ra6+ Kf5
46. Ra8 Rb1 47. Rf8+ Ke6 48. Rf4 Rg1+ 49. Kh2 Rg4 50. Rxg4 hxg4 51. h5 1-0

[Event "32. Abierto Ciudad de Sevilla"]
[Site "Sevilla ESP"]
[Date "2007.01.12"]
[Round "6.1"]
[White "Lopez Martinez, Josep Manuel"]
[Black "Spraggett, Kevin"]
[Result "1/2-1/2"]
[WhiteElo "2550"]
[BlackElo "2633"]
[PlyCount "120"]
[EventDate "2007.01.07"]
[EventType "swiss"]
[EventRounds "9"]
[EventCountry "ESP"]
[Source "lmi"]
[SourceDate "2007.01.07"]

1. e4 c5 2. Nf3 Nc6 3. d4 cxd4 4. Nxd4 Qb6 5. Nb3 Nf6 6. Nc3 e6 7. a3 d6 8. Bf4
Qd8 9. Qd2 h6 10. O-O-O e5 11. Be3 a6 12. f4 Be7 13. h3 exf4 14. Bxf4 Ne5 15.
Kb1 Be6 16. Nd4 Rc8 17. Nf5 Bxf5 18. exf5 O-O 19. Be2 Qb6 20. g4 Rfe8 21. Rhg1
Nc4 22. Bxc4 Rxc4 23. Be3 Qc6 24. Bd4 Nh7 25. Rg3 Bh4 26. Re3 Rc8 27. Qe2 Bg5
28. Red3 b5 29. Be3 Re8 30. Qd2 Rxe3 31. Rxe3 Nf6 32. Qe2 Bxe3 33. Qxe3 b4 34.
axb4 Rxb4 35. Qd3 a5 36. Kc1 Qc5 37. b3 Qe5 38. Kb1 Kh7 39. Ka2 Rf4 40. Rd2 Rb4
41. Re2 Qc5 42. Qe3 Qc6 43. Rd2 d5 44. Kb2 a4 45. Qd3 axb3 46. cxb3 Rb7 47.
Nxd5 Rd7 48. Qc4 Qd6 49. Nxf6+ Qxf6+ 50. Kc2 Ra7 51. Qd4 Qa6 52. Qc4 Qa2+ 53.
Kd1 Qb1+ 54. Ke2 Re7+ 55. Kf3 Qh1+ 56. Kf4 f6 57. Qd3 Re1 58. Qf3 Qg1 59. Rf2
Rb1 60. Qe3 Qd1 1/2-1/2

[Event "32. Abierto Ciudad de Sevilla"]
[Site "Sevilla ESP"]
[Date "2007.01.12"]
[Round "6.3"]
[White "Movsziszian, Karen"]
[Black "Rizouk, Aimen"]
[Result "0-1"]
[WhiteElo "2445"]
[BlackElo "2455"]
[PlyCount "86"]
[EventDate "2007.01.07"]
[EventType "swiss"]
[EventRounds "9"]
[EventCountry "ESP"]
[Source "lmi"]
[SourceDate "2007.01.07"]

1. g3 d5 2. Bg2 Nf6 3. f4 g6 4. Nf3 Bg7 5. O-O O-O 6. d3 b6 7. Qe1 Bb7 8. Na3
c5 9. Rb1 a6 10. b4 cxb4 11. Qxb4 b5 12. Qe1 Nc6 13. c3 Nd7 14. Nc2 Rc8 15. Bd2
Nc5 16. g4 d4 17. Ncxd4 Nxd4 18. cxd4 Bxd4+ 19. Nxd4 Qxd4+ 20. Qf2 Qxf2+ 21.
Kxf2 Bxg2 22. Kxg2 f5 23. g5 Kf7 24. Rbc1 Ke6 25. h4 Kd7 26. Kf3 Rc6 27. h5
Rfc8 28. hxg6 hxg6 29. Rh1 Ne6 30. e4 Rc2 31. exf5 Nd4+ 32. Ke4 Nxf5 33. Rxc2
Rxc2 34. Rd1 Rxa2 35. Bc3 b4 36. Be5 a5 37. Rb1 Kc6 38. d4 Ra3 39. d5+ Kd7 40.
Bd4 Kd6 41. Be5+ Kd7 42. Bd4 Nd6+ 43. Ke5 Nc4+ 0-1

[Event "32. Abierto Ciudad de Sevilla"]
[Site "Sevilla ESP"]
[Date "2007.01.12"]
[Round "6.4"]
[White "Korneev, Oleg"]
[Black "Lariño Nieto, David"]
[Result "1-0"]
[WhiteElo "2606"]
[BlackElo "2450"]
[PlyCount "129"]
[EventDate "2007.01.07"]
[EventType "swiss"]
[EventRounds "9"]
[EventCountry "ESP"]
[Source "lmi"]
[SourceDate "2007.01.07"]

1. e4 e6 2. d4 d5 3. Nd2 Nf6 4. e5 Nfd7 5. c3 c5 6. f4 Nc6 7. Ndf3 Qb6 8. a3 a5
9. b3 Be7 10. h4 f6 11. Bd3 f5 12. Ne2 h5 13. c4 a4 14. cxd5 exd5 15. bxa4 c4
16. Bc2 Nf8 17. Nc3 Qd8 18. Be3 Ra6 19. Kf2 Be6 20. Ng5 g6 21. Rb1 b6 22. Rb5
Bxg5 23. hxg5 Rh7 24. Qb1 Rb7 25. Bd1 Na7 26. Bf3 Rd7 27. Rb2 Bf7 28. a5 Rxa5
29. Rxb6 Rxa3 30. Rb8 Nc8 31. Qb2 Rb3 32. Rxb3 cxb3 33. Qxb3 Qb6 34. Qa4 Qb2+
35. Be2 Be6 36. Rb1 Qxc3 37. Rc1 Qb2 38. Rxc8+ Kf7 39. Qa8 Nh7 40. Rb8 Qc2 41.
Rh8 Kg7 42. Re8 Bf7 43. e6 Bxe8 44. exd7 Bxd7 45. Qxd5 Nf8 46. Qe5+ Kf7 47. d5
Bb5 48. Bd4 Qd2 49. Bc3 Qc2 50. Bb4 Qxe2+ 51. Qxe2 Bxe2 52. Kxe2 Nd7 53. Kd3
Ke8 54. Kc4 Kd8 55. Kb5 Kc7 56. g3 Nb6 57. Ba5 Kd6 58. Kxb6 Kxd5 59. Kc7 Ke4
60. Kd6 Kf3 61. Be1 Ke2 62. Ke5 Kxe1 63. Kf6 Kf2 64. Kxg6 Kxg3 65. Kxh5 1-0

[Event "32. Abierto Ciudad de Sevilla"]
[Site "Sevilla ESP"]
[Date "2007.01.12"]
[Round "6.5"]
[White "Siebrecht, Sebastian"]
[Black "Burmakin, Vladimir"]
[Result "0-1"]
[WhiteElo "2457"]
[BlackElo "2568"]
[PlyCount "84"]
[EventDate "2007.01.07"]
[EventType "swiss"]
[EventRounds "9"]
[EventCountry "ESP"]
[Source "lmi"]
[SourceDate "2007.01.07"]

1. e4 c6 2. c4 d5 3. exd5 cxd5 4. cxd5 Nf6 5. Qa4+ Nbd7 6. Nc3 g6 7. Nf3 Bg7 8.
Bc4 a6 9. d3 O-O 10. Qa3 Qc7 11. O-O Ne5 12. Nxe5 Qxe5 13. h3 b5 14. Bb3 Bf5
15. Be3 a5 16. d4 Qb8 17. Qxe7 Re8 18. Qc5 a4 19. Bd1 Rc8 20. Qe7 a3 21. Qb4
Bf8 22. Qb3 Bd3 23. Re1 Bc4 24. Qc2 b4 25. Na4 Bxa2 26. Nc5 b3 27. Qd2 Nxd5 28.
Bf3 Nxe3 29. Rxe3 Ra7 30. Rc3 Rd8 31. Rc4 Bxc5 32. Rxc5 Qb6 33. Rac1 Ra4 34.
Bd5 Kg7 35. R1c3 Rd7 36. h4 h5 37. Qe2 Rxd4 38. Rc6 Qb8 39. Rxb3 Bxb3 40. Bxb3
Qxb3 41. Qe5+ Kh7 42. Rc8 Qd1+ 0-1

[Event "32. Abierto Ciudad de Sevilla"]
[Site "Sevilla ESP"]
[Date "2007.01.12"]
[Round "6.6"]
[White "Epishin, Vladimir"]
[Black "Fomichenko, Eduard"]
[Result "1-0"]
[WhiteElo "2554"]
[BlackElo "2438"]
[PlyCount "85"]
[EventDate "2007.01.07"]
[EventType "swiss"]
[EventRounds "9"]
[EventCountry "ESP"]
[Source "lmi"]
[SourceDate "2007.01.07"]

1. d4 d5 2. c4 c6 3. Nf3 Nf6 4. e3 g6 5. Be2 Bg7 6. O-O O-O 7. Nc3 Bg4 8. cxd5
cxd5 9. Qb3 b6 10. Bd2 Nc6 11. Rfc1 Na5 12. Qd1 e6 13. Nb5 Bxf3 14. Bxf3 a6 15.
Bxa5 bxa5 16. Nc3 Qd6 17. Rc2 Rfc8 18. Rac1 Qd8 19. Na4 Ne8 20. Rxc8 Rxc8 21.
Be2 Rxc1 22. Qxc1 e5 23. dxe5 Bxe5 24. g3 Qc7 25. Qd2 Nf6 26. b3 d4 27. exd4
Qd6 28. Bf3 Bxd4 29. Qxa5 h5 30. Qd2 Nd7 31. Kg2 Ne5 32. Qe2 h4 33. gxh4 Qf6
34. Qe4 Nxf3 35. Qxf3 Qxh4 36. Nc3 Qg5+ 37. Kf1 Qd2 38. Ne4 Qxa2 39. Nd6 Qa1+
40. Kg2 f5 41. Qg3 Kh7 42. Qh4+ Kg8 43. Qh6 1-0

[Event "32. Abierto Ciudad de Sevilla"]
[Site "Sevilla ESP"]
[Date "2007.01.12"]
[Round "6.7"]
[White "Pogorelov, Ruslan"]
[Black "Matamoros Franco, Carlos S"]
[Result "1-0"]
[WhiteElo "2441"]
[BlackElo "2540"]
[PlyCount "123"]
[EventDate "2007.01.07"]
[EventType "swiss"]
[EventRounds "9"]
[EventCountry "ESP"]
[Source "lmi"]
[SourceDate "2007.01.07"]

1. Nf3 Nf6 2. c4 Nc6 3. d4 e6 4. Nc3 Bb4 5. Qc2 d6 6. a3 Bxc3+ 7. Qxc3 O-O 8.
b4 e5 9. dxe5 Ne4 10. Qe3 f5 11. Bb2 a5 12. b5 Nxe5 13. Nxe5 dxe5 14. g3 Be6
15. Rc1 Qd7 16. Bg2 Nd6 17. Qxe5 Nxc4 18. Qc3 Nxb2 19. Qxb2 Bd5 20. Bxd5+ Qxd5
21. O-O Rf7 22. Rfd1 Qe6 23. e3 h6 24. Rc5 Re8 25. Qc2 Ree7 26. Rdd5 b6 27.
Rd8+ Kh7 28. Rc6 Qe5 29. Qd3 Qe4 30. Qd1 Qe5 31. a4 g6 32. h4 h5 33. Qd4 Qxd4
34. Rxd4 Rd7 35. Rxd7 Rxd7 36. Kg2 Kh6 37. Kf3 Re7 38. Rc4 Rd7 39. Kf4 Rd2 40.
f3 Rb2 41. e4 Rb4 42. Rxc7 Rxa4 43. Rb7 Rb4 44. Rxb6 a4 45. Rb7 a3 46. Ra7 Rxb5
47. Rxa3 fxe4 48. fxe4 Kg7 49. Ra6 Kf7 50. e5 Rb4+ 51. Kg5 Rg4+ 52. Kh6 Rxg3
53. Rf6+ Ke7 54. Rxg6 Rg4 55. Kxh5 Re4 56. e6 Re1 57. Kh6 Rh1 58. h5 Rh2 59.
Rg5 Kxe6 60. Kg7 Ra2 61. h6 Ra7+ 62. Kg6 1-0

[Event "32. Abierto Ciudad de Sevilla"]
[Site "Sevilla ESP"]
[Date "2007.01.12"]
[Round "6.8"]
[White "Narciso Dublan, Marc"]
[Black "Razmyslov, Alexander"]
[Result "1-0"]
[WhiteElo "2537"]
[BlackElo "2349"]
[PlyCount "63"]
[EventDate "2007.01.07"]
[EventType "swiss"]
[EventRounds "9"]
[EventCountry "ESP"]
[Source "lmi"]
[SourceDate "2007.01.07"]

1. d4 e6 2. c4 Nf6 3. Nf3 c5 4. d5 exd5 5. cxd5 Bd6 6. Nc3 O-O 7. Bg5 Re8 8. e3
a6 9. a4 Bc7 10. d6 Ba5 11. Bc4 h6 12. Bh4 b5 13. Bd5 Nxd5 14. Bxd8 Nxc3 15.
Qd2 Rxd8 16. bxc3 Bb7 17. Ne5 Nc6 18. Nd3 Bb6 19. O-O Na5 20. Qd1 Re8 21. axb5
axb5 22. Qh5 Nc4 23. Rxa8 Bxa8 24. Ra1 Bb7 25. Nf4 g5 26. Ne2 Re6 27. h4 Nxd6
28. hxg5 hxg5 29. Ng3 Rg6 30. Rd1 Bd8 31. Nf5 Nxf5 32. Rxd7 1-0

[Event "32. Abierto Ciudad de Sevilla"]
[Site "Sevilla ESP"]
[Date "2007.01.12"]
[Round "6.9"]
[White "Teran Alvarez, Ismael"]
[Black "Lalic, Bogdan"]
[Result "1/2-1/2"]
[WhiteElo "2417"]
[BlackElo "2522"]
[PlyCount "21"]
[EventDate "2007.01.07"]
[EventType "swiss"]
[EventRounds "9"]
[EventCountry "ESP"]
[Source "lmi"]
[SourceDate "2007.01.07"]

1. e4 e5 2. Nf3 Nc6 3. Nc3 Nf6 4. Bb5 Nd4 5. Nxd4 exd4 6. e5 dxc3 7. exf6 Qxf6
8. dxc3 Bc5 9. Qe2+ Qe6 10. Bf4 c6 11. Bd3 1/2-1/2

[Event "32. Abierto Ciudad de Sevilla"]
[Site "Sevilla ESP"]
[Date "2007.01.12"]
[Round "6.10"]
[White "Paunovic, Dragan"]
[Black "Lanzani, Mario"]
[Result "1-0"]
[WhiteElo "2516"]
[BlackElo "2338"]
[PlyCount "83"]
[EventDate "2007.01.07"]
[EventType "swiss"]
[EventRounds "9"]
[EventCountry "ESP"]
[Source "lmi"]
[SourceDate "2007.01.07"]

1. c4 e6 2. g3 d5 3. Bg2 Nf6 4. Nf3 Be7 5. O-O O-O 6. b3 a5 7. Nc3 d4 8. Nb5
Nc6 9. Bb2 e5 10. e3 Bc5 11. exd4 Bxd4 12. Nfxd4 Nxd4 13. Nxd4 exd4 14. Qf3 Qd6
15. Rfe1 Rb8 16. c5 Qxc5 17. Qf4 Qd6 18. Qxd6 cxd6 19. Bxd4 Be6 20. Bb6 Ra8 21.
Bc7 d5 22. Rac1 Rfc8 23. f3 h5 24. Kf2 a4 25. b4 a3 26. d4 Ra4 27. Bd6 Rc4 28.
Red1 Ne8 29. Be7 f6 30. Rxc4 dxc4 31. f4 c3 32. d5 Kf7 33. Bc5 Bg4 34. Rc1 b6
35. Bd4 Rxb4 36. Bxc3 Rb5 37. Bf1 Rc5 38. Bd2 Rxd5 39. Bc4 Be6 40. Bxd5 Bxd5
41. Bb4 Bxa2 42. Re1 1-0

[Event "32. Abierto Ciudad de Sevilla"]
[Site "Sevilla ESP"]
[Date "2007.01.12"]
[Round "6.11"]
[White "Krivoshey, Sergei"]
[Black "Gonzalez Galvan, Juan Manuel"]
[Result "1-0"]
[WhiteElo "2496"]
[BlackElo "2294"]
[PlyCount "102"]
[EventDate "2007.01.07"]
[EventType "swiss"]
[EventRounds "9"]
[EventCountry "ESP"]
[Source "lmi"]
[SourceDate "2007.01.07"]

1. Nf3 Nf6 2. c4 c6 3. d4 d5 4. Qb3 Qb6 5. Nc3 Nbd7 6. g3 h5 7. Bg2 Qxb3 8.
axb3 Nb6 9. c5 Nbd7 10. b4 a6 11. Bf4 b5 12. cxb6 Nxb6 13. Ne5 e6 14. Nd3 Nfd7
15. O-O Be7 16. h4 Bf6 17. e3 Nc4 18. b3 Nd2 19. Rfd1 Nxb3 20. Ra3 Nxd4 21.
exd4 Bxd4 22. Bd6 Rh6 23. Ne2 e5 24. Nxd4 Rxd6 25. Nxe5 Nxe5 26. Re1 Rb8 27.
Rxe5+ Kd8 28. Ra4 g6 29. Nb3 Bf5 30. Re2 Bd3 31. Rb2 Re6 32. Nd4 Re1+ 33. Kh2
Rb6 34. Ra5 Rc1 35. Rd2 Bc4 36. Rc5 Kd7 37. Rc2 Rb1 38. Nxc6 Kd6 39. Na5 R6xb4
40. Nxc4+ Kxc5 41. Na3+ Kd6 42. Nxb1 Rxb1 43. Ra2 d4 44. Rxa6+ Ke5 45. Ra5+ Ke6
46. Be4 Rb2 47. Kg2 Rb6 48. Bd5+ Kf6 49. Ra7 Ke5 50. Bxf7 d3 51. Rd7 Ke4 1-0

[Event "32. Abierto Ciudad de Sevilla"]
[Site "Sevilla ESP"]
[Date "2007.01.12"]
[Round "6.12"]
[White "Ivanov, Jordan"]
[Black "Parligras, Mircea"]
[Result "0-1"]
[WhiteElo "2377"]
[BlackElo "2494"]
[PlyCount "60"]
[EventDate "2007.01.07"]
[EventType "swiss"]
[EventRounds "9"]
[EventCountry "ESP"]
[Source "lmi"]
[SourceDate "2007.01.07"]

1. d4 Nf6 2. c4 e6 3. Nc3 Bb4 4. e3 O-O 5. Bd3 d5 6. cxd5 exd5 7. Bd2 Re8 8.
Rc1 c5 9. Nge2 Nc6 10. O-O cxd4 11. exd4 Bg4 12. f3 Bh5 13. Na4 Bg6 14. Bxg6
hxg6 15. Bxb4 Nxb4 16. a3 Nc6 17. b4 Re3 18. Rc3 Qe7 19. Rf2 Re8 20. Kf1 Rxc3
21. Naxc3 Qe3 22. g4 g5 23. Kg2 Ne7 24. Qc1 Ng6 25. Qxe3 Rxe3 26. h3 Nh4+ 27.
Kg3 b5 28. Kh2 Nxf3+ 29. Kg2 Nh4+ 30. Kh2 a6 0-1